[Event "WYCC U18 Open 2019"]
[Site "Mumbai"]
[Date "2019.10.09"]
[Round "8.10"]
[White "Zhalmakhanov, Ramazan"]
[Black "Petriashvili, Nikoloz"]
[Result "1/2-1/2"]
[WhiteElo "2374"]
[BlackElo "2441"]
[Annotator "TA"]
[PlyCount "40"]
[EventDate "2019.10.02"]
[EventType "swiss"]
[EventCountry "IND"]
[SourceTitle "playchess.com"]
[Source "ChessBase"]
[SourceQuality "1"]

{[%evp 21,40,10,27,15,9,12,29,32,32,42,41,0,0,0,22,0,0,0,0,0,0]} 1. e4 c5 2. Nf3 Nc6 3. d4 cxd4 4. Nxd4 Nf6 5. Nc3 d6 6. Bg5 e6 7. Qd2 Be7 8. O-O-O O-O 9. f4 h6 10. Bh4 Nxd4 11. Qxd4 Qa5 12. e5 {B65: Sicilian: Richter-Rauzer: 7...Be7 8 0-0-0 0-0 9 f4 Nxd4} (12. Bc4 e5 13. fxe5 dxe5 14. Qd3 Bg4 15. Bxf6 Bxf6 16. Rdf1 Qc5 17. Kb1 Bh4 18. a3 a6 19. Ba2 Rad8 20. Nd5 Rd7 21. h3 Be6 22. Rf3 {1-0 (40) Shankland,S (2656)-Popov,I (2661) Baku 2015}) 12... dxe5 13. Qxe5 b5 14. Qxb5 {White has an edge.} Qc7 15. Qe5 Qb7 16. Qb5 $146 (16. Be2 $5 {[%cal Re2f3]}) ({Predecessor:} 16. Bd3 Rb8 17. b3 Ng4 18. Qh5 Ba3+ 19. Kb1 Qc7 {0-1 (38) Perpinya Rofes,L (2395)-Torrecillas Martinez,A (2413) Sabadell 2011}) 16... Qc7 {The position is equal.} 17. Qe5 Qb7 $1 18. Qb5 Qc7 19. Qe5 Qb7 $1 20. Qb5 Qc7 1/2-1/2

[Event "WYCC U18 Open 2019"]
[Site "Mumbai"]
[Date "2019.10.09"]
[Round "8.11"]
[White "Vanczak, Tamas"]
[Black "Gumularz, Szymon"]
[Result "1/2-1/2"]
[WhiteElo "2327"]
[BlackElo "2505"]
[Annotator "ChessBase"]
[PlyCount "52"]
[EventDate "2019.10.02"]
[EventType "swiss"]
[EventCountry "IND"]
[SourceTitle "playchess.com"]
[Source "ChessBase"]
[SourceQuality "1"]
[TimeControl "40/5400+30:1800+30"]

1. d4 {[%emt 0:00:00]} Nf6 {[%emt 0:00:00]} 2. Bg5 {[%emt 0:00:00]} d5 {[%emt 0:00:00]} 3. Nd2 {[%emt 0:00:33]} c5 {[%emt 0:06:31]} 4. dxc5 {[%emt 0:05:50]} Qa5 {[%emt 0:11:49]} 5. Ngf3 {[%emt 0:05:03]} Ne4 {[%emt 0:00:21]} 6. Bh4 {[%emt 0:01:17]} Nc6 {[%emt 0:03:11]} 7. c3 {[%emt 0:03:24]} Qxc5 {[%emt 0:03:22]} 8. e3 {[%emt 0:01:01]} Nxd2 {[%emt 0:07:10]} 9. Qxd2 {[%emt 0:00:19]} e6 {[%emt 0:00:04]} 10. Bd3 {[%emt 0:03:08]} Be7 {[%emt 0:00:19]} 11. Bg3 {[%emt 0:01:19]} O-O {[%emt 0:00:55]} 12. O-O {[%emt 0:00:22]} Qb6 {[%emt 0:08:29]} 13. Qe2 {[%emt 0:03:18]} Bd7 {[%emt 0:03:04]} 14. Rad1 {[%emt 0:03:53]} Rfd8 {[%emt 0:01:29]} 15. e4 {[%emt 0:03:41]} Be8 {[%emt 0:12:21]} 16. e5 {[%emt 0:13:12]} Rac8 {[%emt 0:00:17]} 17. Bh4 {[%emt 0:04:01]} Bxh4 {[%emt 0:03:12]} 18. Nxh4 {[%emt 0:00:08]} Ne7 {[%emt 0:21:11]} 19. Nf3 {[%emt 0:00:46]} a6 {[%emt 0:00:32]} 20. Rfe1 {[%emt 0:07:59]} Bb5 {[%emt 0:06:20]} 21. Bxb5 {[%emt 0:03:28]} axb5 {[%emt 0:00:43]} 22. a3 {[%emt 0:00:20]} Rc4 {[%emt 0:00:26]} 23. Qe3 {[%emt 0:08:48]} Qxe3 {[%emt 0:03:43]} 24. Rxe3 {[%emt 0:00:34]} Nf5 {[%emt 0:01:44]} 25. Re2 {[%emt 0:05:28]} h5 {[%emt 0:00:28]} 26. Kf1 {[%emt 0:03:32]} Kh7 {[%emt 0:00:11]} 1/2-1/2

[Event "WYCC U18 Open 2019"]
[Site "Mumbai"]
[Date "2019.10.09"]
[Round "8.12"]
[White "Beukema, Jasper"]
[Black "Arjun Kalyan"]
[Result "0-1"]
[WhiteElo "2265"]
[BlackElo "2483"]
[Annotator "ChessBase"]
[PlyCount "72"]
[EventDate "2019.10.02"]
[EventType "swiss"]
[EventCountry "IND"]
[SourceTitle "playchess.com"]
[Source "ChessBase"]
[SourceQuality "1"]
[TimeControl "40/5400+30:1800+30"]

1. d4 {[%emt 0:00:00]} d5 {[%emt 0:00:00]} 2. c4 {[%emt 0:00:00]} c6 {[%emt 0:00:23]} 3. Nc3 {[%emt 0:00:46]} Nf6 {[%emt 0:00:14]} 4. Bg5 {[%emt 0:00:56]} dxc4 {[%emt 0:06:36]} 5. Nf3 {[%emt 0:07:02]} b5 {[%emt 0:02:41]} 6. a3 {[%emt 0:04:36]} e6 {[%emt 0:04:07]} 7. e4 {[%emt 0:00:29]} Be7 {[%emt 0:01:26]} 8. e5 {[%emt 0:01:58]} Nd5 {[%emt 0:01:20]} 9. Bxe7 {[%emt 0:00:15]} Qxe7 {[%emt 0:07:56]} 10. Ne4 {[%emt 0:01:41]} O-O {[%emt 0:00:06]} 11. h4 {[%emt 0:05:35]} Nd7 {[%emt 0:02:22]} 12. h5 {[%emt 0:03:16]} c5 {[%emt 0:07:10]} 13. h6 {[%emt 0:02:48]} g6 {[%emt 0:02:20]} 14. Nd6 {[%emt 0:01:24]} a6 {[%emt 0:19:36]} 15. a4 {[%emt 0:21:06]} cxd4 {[%emt 0:01:12]} 16. Qxd4 {[%emt 0:06:45]} f6 {[%emt 0:01:06]} 17. Ne4 {[%emt 0:06:09]} fxe5 {[%emt 0:03:54]} 18. Nxe5 {[%emt 0:02:42]} Qb4+ {[%emt 0:02:10]} 19. Kd1 {[%emt 0:00:23]} Qb3+ {[%emt 0:04:55]} 20. Ke1 {[%emt 0:03:39]} Qb4+ {[%emt 0:02:57]} 21. Kd1 {[%emt 0:00:08]} Nxe5 {[%emt 0:00:38]} 22. Qxe5 {[%emt 0:00:30]} Ra7 23. Rh3 {[%emt 0:13:30]} Nf4 {[%emt 0:09:14]} 24. Rf3 {[%emt 0:15:01]} Rd7+ {[%emt 0:00:55]} 25. Kc2 {[%emt 0:00:02]} Bb7 {[%emt 0:01:24]} 26. Nc5 {[%emt 0:00:13]} Qd2+ {[%emt 0:10:31]} 27. Kb1 {[%emt 0:00:06]} Bxf3 {[%emt 0:00:55]} 28. Nxd7 {[%emt 0:00:16]} Qd1+ {[%emt 0:04:15]} 29. Ka2 {[%emt 0:00:01]} Qxa4+ {[%emt 0:00:21]} 30. Kb1 {[%emt 0:00:02]} Qd1+ {[%emt 0:00:02]} 31. Ka2 {[%emt 0:00:09]} Qb3+ {[%emt 0:00:15]} 32. Kb1 {[%emt 0:00:06]} Qd1+ 33. Ka2 {[%emt 0:00:09]} Qxd7 {[%emt 0:00:10]} 34. gxf3 {[%emt 0:00:19]} Nd3 {[%emt 0:00:44]} 35. Bxd3 {[%emt 0:00:27]} cxd3 36. Rd1 {[%emt 0:04:29]} Rxf3 {[%emt 0:03:04]} 0-1

[Event "WYCC U18 Open 2019"]
[Site "Mumbai"]
[Date "2019.10.09"]
[Round "8.13"]
[White "Raghunandan, Kaumandur Srihari"]
[Black "Vatsal Singhania"]
[Result "1-0"]
[WhiteElo "2449"]
[BlackElo "2157"]
[Annotator "ChessBase"]
[PlyCount "42"]
[EventDate "2019.10.02"]
[EventType "swiss"]
[EventCountry "IND"]
[SourceTitle "playchess.com"]
[Source "ChessBase"]
[SourceQuality "1"]
[TimeControl "40/5400+30:1800+30"]

1. d4 Nf6 2. c4 e6 3. Nc3 Bb4 4. g3 O-O 5. Bg2 d5 6. Nf3 dxc4 7. O-O c5 8. dxc5 Nc6 9. Qa4 Qe7 10. Ne5 Bxc5 11. Nxc6 bxc6 12. Qxc4 Bb7 13. Bg5 Rfd8 14. Rad1 Bb6 15. Ne4 Rxd1 16. Rxd1 Rd8 17. Rd3 Rxd3 18. exd3 Qd8 19. Nc5 Bxc5 20. Qxc5 Qb6 21. Qe7 Qc7 1-0

[Event "WYCC U18 Open 2019"]
[Site "Mumbai"]
[Date "2019.10.09"]
[Round "8.14"]
[White "Manu David Suthandram R"]
[Black "Garidmagnai, Byambasuren"]
[Result "0-1"]
[WhiteElo "2403"]
[BlackElo "2327"]
[Annotator "ChessBase"]
[PlyCount "114"]
[EventDate "2019.10.02"]
[EventType "swiss"]
[EventCountry "IND"]
[SourceTitle "playchess.com"]
[Source "ChessBase"]
[SourceQuality "1"]
[TimeControl "40/5400+30:1800+30"]

1. e4 {[%emt 0:00:05]} e6 {[%emt 0:00:00]} 2. Nf3 {[%emt 0:00:05]} d5 {[%emt 0:00:00]} 3. Nc3 {[%emt 0:00:08]} Nf6 {[%emt 0:00:00]} 4. e5 {[%emt 0:00:06]} Nfd7 {[%emt 0:00:00]} 5. d4 {[%emt 0:00:05]} c5 {[%emt 0:00:00]} 6. dxc5 {[%emt 0:00:05]} Nc6 {[%emt 0:00:00]} 7. Bf4 {[%emt 0:00:09]} Nxc5 {[%emt 0:00:43]} 8. Bb5 {[%emt 0:01:25]} a6 {[%emt 0:01:27]} 9. Bxc6+ {[%emt 0:00:56]} bxc6 {[%emt 0:00:10]} 10. O-O {[%emt 0:00:09]} Be7 {[%emt 0:00:10]} 11. Nd4 {[%emt 0:01:57]} Bb7 {[%emt 0:00:15]} 12. Qh5 {[%emt 0:00:54]} g6 {[%emt 0:03:51]} 13. Qh6 {[%emt 0:05:47]} Bf8 {[%emt 0:01:01]} 14. Qh3 {[%emt 0:00:57]} Nd7 {[%emt 0:03:27]} 15. Rfe1 {[%emt 0:19:30]} c5 {[%emt 0:02:46]} 16. Nf3 {[%emt 0:01:16]} h6 {[%emt 0:03:04]} 17. Rad1 {[%emt 0:06:02]} Be7 {[%emt 0:05:00]} 18. Qg3 {[%emt 0:18:47]} g5 {[%emt 0:04:40]} 19. Bc1 {[%emt 0:00:15]} Qc7 {[%emt 0:03:24]} 20. Qh3 {[%emt 0:09:26]} O-O-O {[%emt 0:02:04]} 21. Qh5 {[%emt 0:02:11]} Rdf8 {[%emt 0:01:06]} 22. h3 {[%emt 0:02:00]} Bc6 {[%emt 0:01:18]} 23. Nh2 {[%emt 0:05:44]} Nxe5 {[%emt 0:06:00]} 24. Qe2 {[%emt 0:01:13]} Ng6 {[%emt 0:00:38]} 25. Qxa6+ {[%emt 0:00:38]} Qb7 {[%emt 0:00:15]} 26. Qxb7+ {[%emt 0:02:19]} Kxb7 {[%emt 0:00:07]} 27. Ng4 {[%emt 0:04:48]} Ra8 {[%emt 0:02:32]} 28. a3 {[%emt 0:00:42]} Bf8 {[%emt 0:01:40]} 29. Ne2 {[%emt 0:02:41]} Bg7 {[%emt 0:02:27]} 30. f4 {[%emt 0:01:50]} gxf4 {[%emt 0:08:00]} 31. Nxf4 {[%emt 0:00:23]} Nh4 {[%emt 0:01:15]} 32. Ne5 {[%emt 0:03:27]} Bxe5 {[%emt 0:01:00]} 33. Rxe5 {[%emt 0:00:06]} Ra4 {[%emt 0:08:34]} 34. b3 {[%emt 0:03:29]} Rg8 {[%emt 0:00:57]} 35. Re2 {[%emt 0:01:18]} Re4 {[%emt 0:01:33]} 36. Rf2 {[%emt 0:01:39]} d4 {[%emt 0:05:30]} 37. Kh2 {[%emt 0:00:49]} Kb6 {[%emt 0:01:39]} 38. Rg1 {[%emt 0:00:24]} e5 {[%emt 0:13:10]} 39. Nh5 {[%emt 0:01:01]} f5 {[%emt 0:01:05]} 40. Ng3 {[%emt 0:00:16]} Re3 {[%emt 0:04:29]} 41. Bxe3 {[%emt 0:31:34]} dxe3 {[%emt 0:30:42]} 42. Rxf5 {[%emt 0:00:10]} Rxg3 {[%emt 0:00:46]} 43. Rxe5 {[%emt 0:00:03]} Rxg2+ {[%emt 0:09:22]} 44. Rxg2 {[%emt 0:00:06]} Nxg2 {[%emt 0:00:03]} 45. Kg3 {[%emt 0:00:52]} Kc7 {[%emt 0:00:32]} 46. Rxc5 {[%emt 0:03:27]} e2 {[%emt 0:00:08]} 47. Re5 {[%emt 0:01:33]} e1=Q+ {[%emt 0:00:07]} 48. Rxe1 {[%emt 0:00:06]} Nxe1 {[%emt 0:00:05]} 49. c3 {[%emt 0:00:00]} Nc2 {[%emt 0:00:00]} 50. a4 {[%emt 0:00:00]} Na1 {[%emt 0:00:00]} 51. Kg4 {[%emt 0:00:00]} Be8 {[%emt 0:00:00]} 52. b4 {[%emt 0:00:00]} Nc2 {[%emt 0:00:00]} 53. b5 {[%emt 0:00:00]} Ne3+ {[%emt 0:00:00]} 54. Kf3 {[%emt 0:00:00]} Nd5 {[%emt 0:00:00]} 55. c4 {[%emt 0:00:00]} Nb6 {[%emt 0:00:00]} 56. c5 {[%emt 0:00:00]} Nxa4 {[%emt 0:00:00]} 57. c6 {[%emt 0:00:00]} Nc3 {[%emt 0:00:00]} 0-1

[Event "WYCC U18 Open 2019"]
[Site "Mumbai"]
[Date "2019.10.09"]
[Round "8.15"]
[White "Mendonca, Leon Luke"]
[Black "Sibi Visal R"]
[Result "0-1"]
[WhiteElo "2388"]
[BlackElo "2064"]
[Annotator "ChessBase"]
[PlyCount "124"]
[EventDate "2019.10.02"]
[EventType "swiss"]
[EventCountry "IND"]
[SourceTitle "playchess.com"]
[Source "ChessBase"]
[SourceQuality "1"]
[TimeControl "40/5400+30:1800+30"]

1. d4 {[%emt 0:00:00]} Nf6 {[%emt 0:00:00]} 2. c4 {[%emt 0:00:00]} e6 {[%emt 0:00:00]} 3. Nc3 {[%emt 0:00:00]} Bb4 {[%emt 0:00:00]} 4. e3 {[%emt 0:00:00]} O-O {[%emt 0:00:22]} 5. Bd3 {[%emt 0:00:27]} c5 {[%emt 0:00:12]} 6. a3 {[%emt 0:00:46]} Bxc3+ {[%emt 0:00:14]} 7. bxc3 {[%emt 0:00:02]} Nc6 {[%emt 0:01:02]} 8. Ne2 {[%emt 0:00:06]} d6 {[%emt 0:00:11]} 9. e4 {[%emt 0:21:45]} e5 {[%emt 0:02:50]} 10. O-O {[%emt 0:09:36]} Re8 {[%emt 0:20:25]} 11. d5 {[%emt 0:09:52]} Ne7 {[%emt 0:00:29]} 12. f4 {[%emt 0:08:07]} exf4 {[%emt 0:01:57]} 13. Bxf4 {[%emt 0:01:57]} Ng4 {[%emt 0:01:38]} 14. e5 {[%emt 0:18:02]} dxe5 {[%emt 0:18:26]} 15. Bg5 {[%emt 0:00:47]} h6 {[%emt 0:04:02]} 16. Bc1 {[%emt 0:03:42]} f5 {[%emt 0:03:09]} 17. Ng3 {[%emt 0:08:48]} f4 {[%emt 0:08:32]} 18. Ne4 {[%emt 0:07:49]} Bf5 {[%emt 0:00:54]} 19. g3 {[%emt 0:05:02]} Bxe4 {[%emt 0:01:20]} 20. Bxe4 {[%emt 0:00:11]} Nf6 {[%emt 0:00:02]} 21. Bg2 {[%emt 0:00:44]} fxg3 {[%emt 0:00:16]} 22. Bxh6 {[%emt 0:00:58]} gxh2+ {[%emt 0:00:49]} 23. Kh1 {[%emt 0:00:00]} Qd6 {[%emt 0:01:00]} 24. Bg5 {[%emt 0:01:13]} Nh7 {[%emt 0:00:59]} 25. Be3 {[%emt 0:00:33]} Rf8 {[%emt 0:03:37]} 26. Qh5 {[%emt 0:00:12]} Rxf1+ {[%emt 0:01:32]} 27. Rxf1 {[%emt 0:00:01]} Rf8 {[%emt 0:01:16]} 28. Rxf8+ {[%emt 0:00:03]} Nxf8 {[%emt 0:00:04]} 29. Bg5 {[%emt 0:03:05]} Nf5 {[%emt 0:05:45]} 30. Qg4 {[%emt 0:00:35]} Nh6 {[%emt 0:02:17]} 31. Qc8 {[%emt 0:00:34]} b6 {[%emt 0:06:43]} 32. Qe8 {[%emt 0:00:27]} Qd7 {[%emt 0:05:09]} 33. Qxe5 {[%emt 0:00:30]} Nf7 {[%emt 0:00:08]} 34. Qg3 {[%emt 0:00:30]} Nxg5 {[%emt 0:03:49]} 35. Qxg5 {[%emt 0:00:01]} Qd6 {[%emt 0:00:47]} 36. Bh3 {[%emt 0:00:12]} g6 {[%emt 0:01:08]} 37. Qe3 {[%emt 0:01:17]} Kg7 {[%emt 0:00:23]} 38. Bg4 {[%emt 0:00:31]} Nh7 {[%emt 0:01:15]} 39. Be6 {[%emt 0:00:30]} Nf6 {[%emt 0:00:46]} 40. Kg2 {[%emt 0:00:33]} Nh5 {[%emt 0:00:40]} 41. Qe1 {[%emt 0:13:47]} Qg3+ {[%emt 0:04:44]} 42. Qxg3 {[%emt 0:00:02]} Nxg3 {[%emt 0:00:02]} 43. Kxh2 {[%emt 0:00:08]} Ne4 {[%emt 0:00:04]} 44. Kg2 {[%emt 0:01:06]} Nd6 {[%emt 0:00:58]} 45. Kf3 {[%emt 0:00:58]} Kf6 {[%emt 0:00:07]} 46. Ke3 {[%emt 0:01:13]} Nxc4+ {[%emt 0:01:06]} 47. Kd3 {[%emt 0:00:04]} b5 {[%emt 0:00:52]} 48. a4 {[%emt 0:02:11]} Nb2+ {[%emt 0:01:45]} 49. Kc2 {[%emt 0:00:53]} Nxa4 {[%emt 0:00:02]} 50. Bd7 {[%emt 0:00:07]} Nb6 {[%emt 0:00:07]} 51. Bxb5 {[%emt 0:00:04]} Nxd5 {[%emt 0:00:02]} 52. Kd3 {[%emt 0:00:13]} Ke5 {[%emt 0:00:06]} 53. Kc4 {[%emt 0:01:05]} Kd6 {[%emt 0:00:07]} 54. Ba6 {[%emt 0:00:12]} g5 {[%emt 0:00:20]} 55. Bb7 {[%emt 0:00:01]} Nf6 {[%emt 0:02:20]} 56. Kb5 {[%emt 0:00:25]} g4 {[%emt 0:00:26]} 57. c4 {[%emt 0:00:04]} Nd7 {[%emt 0:00:37]} 58. Ka6 {[%emt 0:00:47]} Ne5 {[%emt 0:00:04]} 59. Kb5 {[%emt 0:00:05]} g3 {[%emt 0:00:02]} 60. Be4 {[%emt 0:00:21]} a6+ {[%emt 0:00:16]} 61. Kxa6 {[%emt 0:00:05]} Nxc4 {[%emt 0:00:01]} 62. Kb5 {[%emt 0:00:16]} Ne3 {[%emt 0:00:01]} 0-1

[Event "WYCC U18 Open 2019"]
[Site "Mumbai"]
[Date "2019.10.09"]
[Round "8.16"]
[White "Aliyev, Ravan"]
[Black "Gaurav Rajesh Zagade"]
[Result "1-0"]
[WhiteElo "2341"]
[BlackElo "2053"]
[Annotator "ChessBase"]
[PlyCount "105"]
[EventDate "2019.10.02"]
[EventType "swiss"]
[EventCountry "IND"]
[SourceTitle "playchess.com"]
[Source "ChessBase"]
[SourceQuality "1"]
[TimeControl "40/5400+30:1800+30"]

1. d4 {[%emt 0:01:33]} Nf6 {[%emt 0:00:00]} 2. Nf3 {[%emt 0:00:05]} g6 {[%emt 0:00:00]} 3. Bf4 {[%emt 0:00:05]} Bg7 {[%emt 0:00:06]} 4. e3 {[%emt 0:00:07]} c5 {[%emt 0:00:13]} 5. c3 {[%emt 0:01:38]} b6 {[%emt 0:00:08]} 6. Be2 {[%emt 0:01:25]} Bb7 {[%emt 0:00:14]} 7. h3 {[%emt 0:00:33]} O-O {[%emt 0:00:25]} 8. O-O {[%emt 0:00:10]} d5 {[%emt 0:00:45]} 9. Nbd2 {[%emt 0:03:05]} Nc6 {[%emt 0:00:33]} 10. Bh2 {[%emt 0:01:16]} Nd7 {[%emt 0:06:39]} 11. Qb3 {[%emt 0:05:06]} e5 {[%emt 0:03:41]} 12. dxe5 {[%emt 0:02:11]} Ndxe5 {[%emt 0:00:59]} 13. Nxe5 {[%emt 0:03:38]} Nxe5 {[%emt 0:00:12]} 14. Nf3 {[%emt 0:02:06]} Nc6 {[%emt 0:09:19]} 15. Rfd1 {[%emt 0:03:52]} Qe7 {[%emt 0:01:44]} 16. Qa3 {[%emt 0:01:41]} Rad8 {[%emt 0:15:08]} 17. Rd2 {[%emt 0:01:29]} Rfe8 {[%emt 0:01:27]} 18. Rad1 {[%emt 0:01:21]} Qe6 {[%emt 0:15:53]} 19. Bg3 {[%emt 0:05:04]} d4 {[%emt 0:07:13]} 20. cxd4 {[%emt 0:07:39]} cxd4 {[%emt 0:00:12]} 21. exd4 {[%emt 0:01:15]} Nxd4 {[%emt 0:19:06]} 22. Nxd4 {[%emt 0:02:47]} Rxd4 {[%emt 0:02:16]} 23. Rxd4 {[%emt 0:03:52]} Bxd4 {[%emt 0:00:15]} 24. Bg4 {[%emt 0:19:54]} Qc4 {[%emt 0:02:49]} 25. Qxa7 {[%emt 0:02:27]} Bc6 {[%emt 0:04:40]} 26. Qc7 {[%emt 0:05:19]} Bc5 {[%emt 0:00:40]} 27. Kh2 {[%emt 0:05:25]} Qa4 {[%emt 0:03:19]} 28. b3 {[%emt 0:03:54]} Qa8 {[%emt 0:00:18]} 29. Bd7 {[%emt 0:00:16]} Bxd7 {[%emt 0:00:25]} 30. Rxd7 {[%emt 0:00:02]} Rf8 {[%emt 0:00:29]} 31. a4 {[%emt 0:00:56]} Qe4 {[%emt 0:01:10]} 32. a5 {[%emt 0:02:10]} h5 {[%emt 0:02:29]} 33. axb6 {[%emt 0:01:35]} Qb4 {[%emt 0:02:02]} 34. b7 {[%emt 0:03:36]} h4 {[%emt 0:00:06]} 35. Bd6 {[%emt 0:00:59]} Bxd6+ {[%emt 0:00:55]} 36. Qxd6 {[%emt 0:00:36]} Qxd6+ {[%emt 0:00:27]} 37. Rxd6 {[%emt 0:00:02]} Rb8 {[%emt 0:00:11]} 38. Rd7 {[%emt 0:00:47]} Kg7 {[%emt 0:00:17]} 39. Rc7 {[%emt 0:02:33]} Kf6 {[%emt 0:00:14]} 40. b4 {[%emt 0:01:50]} g5 {[%emt 0:01:55]} 41. Kg1 {[%emt 0:31:52]} Ke6 {[%emt 0:30:39]} 42. Kf1 {[%emt 0:00:09]} f5 {[%emt 0:00:32]} 43. Ke2 {[%emt 0:01:18]} Kd6 {[%emt 0:00:00]} 44. Rg7 {[%emt 0:00:00]} Ke5 {[%emt 0:00:00]} 45. Kd3 {[%emt 0:00:00]} Kf4 {[%emt 0:00:00]} 46. Kc4 {[%emt 0:00:00]} g4 {[%emt 0:00:00]} 47. Kb5 {[%emt 0:00:00]} gxh3 {[%emt 0:00:00]} 48. gxh3 {[%emt 0:00:00]} Kf3 {[%emt 0:00:00]} 49. Kb6 {[%emt 0:00:00]} Kxf2 {[%emt 0:00:00]} 50. Ka7 {[%emt 0:00:00]} Re8 {[%emt 0:00:00]} 51. b8=Q {[%emt 0:00:00]} Rxb8 {[%emt 0:00:00]} 52. Kxb8 {[%emt 0:00:00]} f4 {[%emt 0:00:00]} 53. Rg4 {[%emt 0:00:00]} 1-0

[Event "WYCC U18 Open 2019"]
[Site "Mumbai"]
[Date "2019.10.10"]
[Round "9.1"]
[White "Zarubitski, Viachaslau"]
[Black "Praggnanandhaa R"]
[Result "0-1"]
[WhiteElo "2435"]
[BlackElo "2567"]
[Annotator "ChessBase"]
[PlyCount "126"]
[EventDate "2019.10.02"]
[EventType "swiss"]
[EventCountry "IND"]
[SourceTitle "playchess.com"]
[Source "ChessBase"]
[SourceQuality "1"]
[TimeControl "40/5400+30:1800+30"]

1. e4 {[%emt 0:00:02]} c5 {[%emt 0:00:06]} 2. Nf3 {[%emt 0:00:19]} e6 {[%emt 0:00:08]} 3. c3 {[%emt 0:00:48]} Nf6 {[%emt 0:00:37]} 4. e5 {[%emt 0:00:10]} Nd5 {[%emt 0:00:09]} 5. Bc4 {[%emt 0:00:04]} d6 {[%emt 0:04:31]} 6. d4 {[%emt 0:00:09]} cxd4 {[%emt 0:11:58]} 7. cxd4 {[%emt 0:00:16]} dxe5 {[%emt 0:01:50]} 8. dxe5 {[%emt 0:04:59]} Be7 {[%emt 0:02:26]} 9. O-O {[%emt 0:00:44]} O-O {[%emt 0:00:26]} 10. Qe2 {[%emt 0:07:25]} Bd7 {[%emt 0:05:50]} 11. Rd1 {[%emt 0:05:53]} Bc6 {[%emt 0:01:41]} 12. Bd2 {[%emt 0:05:45]} Qc7 {[%emt 0:08:28]} 13. Bb3 {[%emt 0:16:02]} Rd8 {[%emt 0:20:16]} 14. Nc3 {[%emt 0:01:43]} Nxc3 {[%emt 0:01:03]} 15. Bxc3 {[%emt 0:00:18]} Rxd1+ {[%emt 0:00:51]} 16. Rxd1 {[%emt 0:00:44]} Bxf3 {[%emt 0:01:26]} 17. Qxf3 {[%emt 0:00:37]} Nc6 {[%emt 0:00:17]} 18. Qe3 {[%emt 0:22:39]} Rd8 {[%emt 0:05:12]} 19. Kf1 {[%emt 0:02:35]} g6 {[%emt 0:07:33]} 20. a3 {[%emt 0:03:31]} b5 {[%emt 0:06:38]} 21. Qe4 {[%emt 0:03:32]} Rb8 {[%emt 0:04:33]} 22. Rc1 {[%emt 0:06:08]} Qb6 {[%emt 0:09:58]} 23. g3 {[%emt 0:09:12]} b4 {[%emt 0:02:16]} 24. axb4 {[%emt 0:00:08]} Bxb4 {[%emt 0:01:04]} 25. Bxb4 {[%emt 0:01:56]} Nxb4 {[%emt 0:01:52]} 26. Kg2 {[%emt 0:02:32]} Na6 {[%emt 0:01:10]} 27. Rc6 {[%emt 0:00:28]} Qb7 {[%emt 0:00:21]} 28. Bc2 {[%emt 0:02:49]} Nb4 {[%emt 0:00:25]} 29. Rc3 {[%emt 0:01:44]} Nxc2 {[%emt 0:00:37]} 30. Qxb7 {[%emt 0:00:03]} Ne1+ {[%emt 0:00:05]} 31. Kf1 {[%emt 0:00:02]} Rxb7 {[%emt 0:00:05]} 32. b3 {[%emt 0:01:12]} Nc2 {[%emt 0:00:33]} 33. Rxc2 {[%emt 0:00:06]} Rxb3 {[%emt 0:00:05]} 34. Rc7 {[%emt 0:00:20]} Ra3 {[%emt 0:00:46]} 35. h4 {[%emt 0:00:25]} h6 {[%emt 0:00:25]} 36. Kg2 {[%emt 0:01:22]} g5 {[%emt 0:01:29]} 37. h5 {[%emt 0:01:05]} Ra4 {[%emt 0:00:10]} 38. Kf3 {[%emt 0:00:33]} Kg7 {[%emt 0:00:45]} 39. Rb7 {[%emt 0:00:37]} Ra5 {[%emt 0:00:50]} 40. Ke4 {[%emt 0:00:25]} Ra3 {[%emt 0:00:15]} 41. g4 {[%emt 0:10:43]} a5 {[%emt 0:17:31]} 42. Ra7 {[%emt 0:02:05]} a4 {[%emt 0:01:07]} 43. Ra8 {[%emt 0:03:36]} Ra1 {[%emt 0:01:10]} 44. Kf3 {[%emt 0:04:17]} a3 {[%emt 0:00:17]} 45. Kg2 {[%emt 0:02:43]} f5 {[%emt 0:03:09]} 46. exf6+ {[%emt 0:00:56]} Kxf6 {[%emt 0:00:08]} 47. Ra5 {[%emt 0:00:03]} Ke7 {[%emt 0:01:10]} 48. Ra6 {[%emt 0:00:10]} Kd7 {[%emt 0:03:49]} 49. Kf3 {[%emt 0:01:15]} Ke7 {[%emt 0:01:57]} 50. Kg2 {[%emt 0:00:07]} Kf7 {[%emt 0:00:16]} 51. Kh2 {[%emt 0:02:43]} Kf6 {[%emt 0:00:05]} 52. Ra5 {[%emt 0:00:00]} Ke7 {[%emt 0:00:07]} 53. Ra6 {[%emt 0:00:01]} Kd7 {[%emt 0:00:05]} 54. Kg2 {[%emt 0:00:30]} a2 {[%emt 0:02:58]} 55. f3 {[%emt 0:05:37]} e5 {[%emt 0:01:22]} 56. Ra7+ {[%emt 0:00:00]} Kc6 {[%emt 0:00:07]} 57. Ra6+ {[%emt 0:00:02]} Kb5 {[%emt 0:00:14]} 58. Ra8 {[%emt 0:00:13]} Kc4 {[%emt 0:00:27]} 59. Ra7 {[%emt 0:00:18]} Kb3 {[%emt 0:00:47]} 60. Rb7+ {[%emt 0:00:03]} Kc3 {[%emt 0:00:05]} 61. Rc7+ {[%emt 0:00:28]} Kd3 {[%emt 0:00:07]} 62. Ra7 {[%emt 0:04:49]} Rc1 {[%emt 0:00:37]} 63. Ra3+ {[%emt 0:00:39]} Rc3 {[%emt 0:00:07]} 0-1

[Event "WYCC U18 Open 2019"]
[Site "Mumbai"]
[Date "2019.10.10"]
[Round "9.2"]
[White "Sargsyan, Shant"]
[Black "Gholami, Aryan"]
[Result "1-0"]
[WhiteElo "2580"]
[BlackElo "2554"]
[Annotator "ChessBase"]
[PlyCount "55"]
[EventDate "2019.10.02"]
[EventType "swiss"]
[EventCountry "IND"]
[SourceTitle "playchess.com"]
[Source "ChessBase"]
[SourceQuality "1"]
[TimeControl "40/5400+30:1800+30"]

1. d4 {[%emt 0:06:50]} d5 {[%emt 0:00:00]} 2. Nf3 {[%emt 0:00:42]} e6 {[%emt 0:00:00]} 3. c4 {[%emt 0:00:41]} a6 {[%emt 0:00:00]} 4. cxd5 {[%emt 0:00:37]} exd5 {[%emt 0:00:08]} 5. Nc3 {[%emt 0:00:07]} Nf6 {[%emt 0:01:57]} 6. Bg5 {[%emt 0:00:35]} Be6 {[%emt 0:02:17]} 7. Bxf6 {[%emt 0:01:15]} Qxf6 {[%emt 0:00:43]} 8. Qb3 {[%emt 0:00:06]} b5 {[%emt 0:00:44]} 9. a4 {[%emt 0:00:57]} b4 {[%emt 0:11:29]} 10. Nxd5 {[%emt 0:00:49]} Qd8 {[%emt 0:00:08]} 11. e4 {[%emt 0:00:11]} c6 {[%emt 0:00:14]} 12. Qe3 {[%emt 0:00:47]} cxd5 {[%emt 0:04:36]} 13. exd5 {[%emt 0:00:06]} Qxd5 {[%emt 0:00:04]} 14. Rc1 {[%emt 0:00:43]} Be7 {[%emt 0:05:41]} 15. Bd3 {[%emt 0:01:06]} Qd7 {[%emt 0:20:36]} 16. Be4 {[%emt 0:00:53]} Qa7 {[%emt 0:00:11]} 17. Qf4 {[%emt 0:12:12]} Nd7 {[%emt 0:07:36]} 18. d5 {[%emt 0:02:41]} g5 {[%emt 0:07:36]} 19. Nxg5 {[%emt 0:26:24]} Bxg5 {[%emt 0:00:46]} 20. Qxg5 {[%emt 0:00:07]} Qd4 {[%emt 0:00:13]} 21. O-O {[%emt 0:01:26]} Qxe4 {[%emt 0:03:05]} 22. dxe6 {[%emt 0:00:37]} fxe6 {[%emt 0:00:11]} 23. Rfe1 {[%emt 0:00:43]} Qg6 {[%emt 0:00:54]} 24. Qd5 {[%emt 0:00:12]} Ke7 {[%emt 0:00:09]} 25. Rc6 {[%emt 0:01:27]} Rae8 {[%emt 0:05:20]} 26. Rcxe6+ {[%emt 0:00:21]} Kd8 {[%emt 0:00:06]} 27. Qa8+ {[%emt 0:00:05]} Kc7 {[%emt 0:00:07]} 28. Rc1+ {[%emt 0:00:07]} 1-0